[Event "FBL 1"]
[Site "Deutschland"]
[Date "2013.03.10"]
[Round "11.5"]
[White "Lauterbach, Ingrid"]
[Black "Schmidt, Jade"]
[Result "1/2-1/2"]
[WhiteElo "2143"]
[BlackElo "2114"]
[PlyCount "80"]
[EventDate "2012.10.06"]
[WhiteTeam "Karlsruher SF 1853"]
[BlackTeam "Hamburger SK von 1830"]

1. e4 e6 2. d4 d5 3. Nd2 Nf6 4. Bd3 c5 5. e5 Nfd7 6. c3 Nc6 7. Ne2 Qb6 8. Nf3
cxd4 9. cxd4 f6 10. exf6 Nxf6 11. O-O Bd6 12. Nc3 O-O 13. Nb5 Bb8 14. Be3 a6
15. Nc3 Qc7 16. g3 Qd8 17. Re1 Bd7 18. Bf1 b5 19. Bg2 Ng4 20. Bg5 Qb6 21. h3
Nf6 22. Be3 Qd8 23. Qd2 Na5 24. b3 b4 25. Ne2 Ne4 26. Qb2 Nc6 27. Nd2 Nd6 28.
Bf4 Nf5 29. Bxb8 Rxb8 30. Nf3 Qb6 31. Rad1 Rbe8 32. Nf4 Nd6 33. Ne5 Nxe5 34.
Rxe5 Nb5 35. Qd2 Nc3 36. Rde1 a5 37. h4 Nb5 38. Rd1 Nc3 39. Rde1 Nb5 40. Rd1
Nc3 1/2-1/2

[Event "FBL 1"]
[Site "Deutschland"]
[Date "2013.03.10"]
[Round "11.6"]
[White "Bluebaum, Bettina"]
[Black "Brendel, Bergit"]
[Result "1-0"]
[WhiteElo "1984"]
[BlackElo "2094"]
[PlyCount "57"]
[EventDate "2012.10.06"]
[WhiteTeam "Hamburger SK von 1830"]
[BlackTeam "Karlsruher SF 1853"]

1. d4 Nf6 2. c4 g6 3. Nc3 Bg7 4. e4 d6 5. Nf3 O-O 6. Be2 e5 7. Be3 Nbd7 8. dxe5
dxe5 9. Nd2 c6 10. c5 Qe7 11. b4 Rd8 12. Qc1 a5 13. a3 axb4 14. axb4 Rxa1 15.
Qxa1 Nf8 16. f3 Nh5 17. g3 Nf4 18. gxf4 exf4 19. Bf2 Qe5 20. Ndb1 Bh3 21. Qa5
Bf6 22. Rg1 Ne6 23. b5 Nxc5 24. Qb4 Be7 25. Qa5 b6 26. Qxb6 Na4 27. Qa5 cxb5
28. Nxa4 Qa1 29. Qxb5 1-0

[Event "FBL 1"]
[Site "Deutschland"]
[Date "2013.03.10"]
[Round "11.3"]
[White "Arakhamia Grant, Ketevan"]
[Black "Wisniowska, Klaudia"]
[Result "1-0"]
[WhiteElo "2421"]
[BlackElo "2187"]
[PlyCount "125"]
[EventDate "2012.10.06"]
[WhiteTeam "OSG Baden-Baden"]
[BlackTeam "SV Chemie Guben 1990"]

1. e4 c5 2. Nf3 d6 3. Bc4 e6 4. O-O Nc6 5. Re1 Be7 6. c3 Nf6 7. Bb3 O-O 8. d4
b5 9. Nbd2 c4 10. Bc2 e5 11. d5 Na5 12. b4 cxb3 13. axb3 Nb7 14. Nf1 Qc7 15.
Bd2 Bd7 16. Ra2 a5 17. Qe2 g6 18. Ng3 b4 19. cxb4 axb4 20. Rea1 Rxa2 21. Rxa2
Nc5 22. Bxb4 Rb8 23. Qc4 Bb5 24. Qc3 Nfd7 25. h3 Qb7 26. Qe3 Na6 27. Bd2 Ndc5
28. Ra1 Be8 29. b4 Nd7 30. Bd3 Ra8 31. Qe2 Nc7 32. Qf1 Nb6 33. Ra5 Na4 34. Rxa8
Nxa8 35. Qc1 Nc7 36. Nf1 Na6 37. Qc4 Nc7 38. Qc2 Na6 39. Qb1 Nc7 40. Ne3 Nb5
41. Nc4 Kg7 42. Qa1 Nb6 43. Na5 Qc7 44. Nc6 Bxc6 45. dxc6 Na7 46. b5 Nac8 47.
Be3 Bf6 48. Qa2 Bd8 49. Nd2 f6 50. Qe6 Qe7 51. Qxe7+ Nxe7 52. Nc4 Nxc4 53. Bxc4
Nc8 54. Be6 Nb6 55. f4 Kf8 56. fxe5 Ke7 57. exd6+ Kxd6 58. Bg8 Ke5 59. Bxh7
Kxe4 60. Kf2 Kd5 61. Bxg6 Kc4 62. Bf4 Na8 63. h4 1-0

[Event "FBL 1"]
[Site "Deutschland"]
[Date "2013.03.10"]
[Round "11.4"]
[White "Sikorska, Dorota"]
[Black "Sedina, Elena"]
[Result "0-1"]
[WhiteElo "1952"]
[BlackElo "2340"]
[PlyCount "70"]
[EventDate "2012.10.06"]
[WhiteTeam "SV Chemie Guben 1990"]
[BlackTeam "OSG Baden-Baden"]

1. e4 e6 2. d4 d5 3. exd5 exd5 4. Nf3 Bd6 5. Bd3 Nc6 6. c3 Nge7 7. O-O Bg4 8.
Bg5 Qd7 9. Nbd2 f6 10. Bh4 h5 11. Qc2 O-O-O 12. b4 g5 13. Bg3 Rdg8 14. a4 Bxg3
15. fxg3 h4 16. gxh4 gxh4 17. a5 Nf5 18. Ne5 fxe5 19. Bxf5 Bxf5 20. Qxf5 Qxf5
21. Rxf5 exd4 22. cxd4 Nxd4 23. Rxd5 Nc2 24. Rc1 Ne3 25. Rdc5 Rxg2+ 26. Kh1
Rxd2 27. Rxc7+ Kb8 28. b5 h3 29. b6 Rhd8 30. Kg1 Rg2+ 31. Kh1 Ng4 32. bxa7+
Kxa7 33. Rf7 Rxh2+ 34. Kg1 Rg2+ 35. Kh1 Rdd2 0-1

[Event "FBL 1"]
[Site "Deutschland"]
[Date "2013.03.10"]
[Round "11.5"]
[White "Tammert, Iamze"]
[Black "Schulz, Anja"]
[Result "1-0"]
[WhiteElo "2305"]
[BlackElo "1801"]
[PlyCount "63"]
[EventDate "2012.10.06"]
[WhiteTeam "OSG Baden-Baden"]
[BlackTeam "SV Chemie Guben 1990"]

1. c4 g6 2. Nc3 Bg7 3. g3 d6 4. Bg2 e5 5. d3 Nf6 6. Nf3 O-O 7. O-O Nc6 8. Rb1
a5 9. a3 d5 10. cxd5 Nxd5 11. Nxe5 Nxc3 12. Nxc6 Nxd1 13. Nxd8 Nxf2 14. Nxb7
Nh3+ 15. Kh1 Ra7 16. Nc5 Bd4 17. Ne4 Re8 18. Bh6 Bf5 19. e3 Bg7 20. Bxg7 Kxg7
21. Rbe1 a4 22. Nc5 Ra5 23. d4 Bc8 24. Bc6 Rd8 25. Rc1 Rd6 26. d5 Bf5 27. Kg2
Ng5 28. Rf4 h5 29. h4 Nh7 30. Nb7 Raxd5 31. Bxd5 Rxd5 32. Rd4 1-0

[Event "FBL 1"]
[Site "Deutschland"]
[Date "2013.03.10"]
[Round "11.6"]
[White "Dziadek, Anna"]
[Black "Schut, Lisa"]
[Result "0-1"]
[WhiteElo "1415"]
[BlackElo "2267"]
[PlyCount "96"]
[EventDate "2012.10.06"]
[WhiteTeam "SV Chemie Guben 1990"]
[BlackTeam "OSG Baden-Baden"]

1. e4 c5 2. Nf3 d6 3. Nc3 Nf6 4. Bc4 Nc6 5. h3 g6 6. O-O Bg7 7. d4 cxd4 8. Nxd4
O-O 9. Be3 Bd7 10. Qd2 Rc8 11. Bb3 Na5 12. Bh6 Bxh6 13. Qxh6 Nc4 14. Nf3 Nxb2
15. Nd5 e6 16. Ne3 Nxe4 17. Ng4 f5 18. Ne3 Qf6 19. a4 d5 20. Rab1 Kh8 21. Bxd5
exd5 22. Nxd5 Qd6 23. Nf4 g5 24. Qxd6 Nxd6 25. Rxb2 gxf4 26. Rd1 Rf6 27. a5 Bc6
28. Ne5 Kg7 29. Rd4 Re6 30. Nxc6 Rxc6 31. Rxf4 Re1+ 32. Kh2 Ra1 33. Rd4 Rxa5
34. g4 Rac5 35. Kg2 b6 36. gxf5 Kf6 37. f3 Nxf5 38. Rd7 Rc7 39. Rxc7 Rxc7 40.
Ra2 Rxc2+ 41. Rxc2 Ne3+ 42. Kf2 Nxc2 43. Ke2 Kf5 44. Kd3 Kf4 45. Kxc2 Kxf3 46.
Kc3 h5 47. Kc4 h4 48. Kb5 Kg3 0-1

[Event "FBL 1"]
[Site "Deutschland"]
[Date "2013.03.10"]
[Round "11.1"]
[White "Bodnaruk, Anastasia"]
[Black "Schleining, Zoya"]
[Result "1-0"]
[WhiteElo "2421"]
[BlackElo "2340"]
[PlyCount "103"]
[EventDate "2012.10.06"]
[WhiteTeam "Rodewischer Schachmiezen"]
[BlackTeam "Schachverein Mülheim-Nord 1931"]

1. e4 Nf6 2. e5 Nd5 3. d4 d6 4. Nf3 Bg4 5. Be2 e6 6. O-O Be7 7. c4 Nb6 8. Nc3
O-O 9. b3 dxe5 10. Nxe5 Bxe2 11. Qxe2 Qxd4 12. Bb2 Qf4 13. g3 Qf5 14. Nb5 Nc6
15. Nxc6 bxc6 16. Nd4 Qc5 17. a4 Bf6 18. Rfd1 Qe5 19. Qc2 c5 20. Re1 Qh5 21.
Nc6 Qf3 22. Ne5 Bxe5 23. Bxe5 Qc6 24. Re4 f6 25. Bc3 Rf7 26. Rae1 e5 27. f4 Nd7
28. fxe5 fxe5 29. Bxe5 Qg6 30. Qe2 Raf8 31. Bc3 Nf6 32. Re6 Qg4 33. Bxf6 Qxe2
34. R1xe2 Rxf6 35. Rxf6 gxf6 36. Re7 Rb8 37. Rxc7 Rxb3 38. Rxc5 Rc3 39. Ra5
Rxc4 40. Rxa7 Rc2 41. a5 Ra2 42. a6 h5 43. h4 Kf8 44. Kf1 Ke8 45. Ke1 Kd8 46.
g4 Ra1+ 47. Ke2 Ra2+ 48. Ke3 hxg4 49. h5 g3 50. h6 g2 51. Rg7 Rxa6 52. h7 1-0

[Event "FBL 1"]
[Site "Deutschland"]
[Date "2013.03.10"]
[Round "11.2"]
[White "Kalinina, Olga"]
[Black "Pokorna, Regina"]
[Result "1-0"]
[WhiteElo "2259"]
[BlackElo "2353"]
[PlyCount "121"]
[EventDate "2012.10.06"]
[WhiteTeam "Schachverein Mülheim-Nord 1931"]
[BlackTeam "Rodewischer Schachmiezen"]

1. e4 e5 2. Nf3 Nc6 3. Nc3 Nf6 4. a3 Bc5 5. Nxe5 Qe7 6. Nxc6 dxc6 7. d3 Ng4 8.
d4 Qf6 9. Be3 Nxe3 10. fxe3 Be7 11. Qf3 Qh4+ 12. g3 Qh6 13. O-O-O O-O 14. Bd3
Be6 15. g4 Bg5 16. Rde1 Bh4 17. Reg1 a5 18. Ne2 a4 19. Nf4 Ra5 20. d5 Bd7 21.
Nh5 Qg5 22. Nf4 cxd5 23. exd5 c6 24. Qe4 g6 25. Qb4 Qd8 26. Qd4 Bf6 27. Qb4
cxd5 28. h4 Qc7 29. g5 Bg7 30. h5 Rc8 31. hxg6 hxg6 32. Nxg6 fxg6 33. Bxg6 Rc5
34. Bh7+ Kf7 35. Rf1+ Ke8 36. Rf2 Qe5 37. Bg6+ Kd8 38. Qb6+ R8c7 39. Rhf1 Be8
40. Bxe8 Qxe8 41. Qd6+ Kc8 42. Rf8 Rxc2+ 43. Kd1 Rc1+ 44. Kd2 R7c2+ 45. Kd3
Bxf8 46. Rxf8 Qxf8 47. Qxf8+ Kc7 48. Qe7+ Kb6 49. Qb4+ Kc7 50. Qg4 Rc4 51. Qg3+
Kb6 52. g6 Rc8 53. g7 Rg8 54. Qg4 Rc6 55. Qb4+ Ka7 56. Qxa4+ Kb8 57. Qf4+ Rc7
58. Qf8+ Rc8 59. Qf7 Rge8 60. a4 Red8 61. a5 1-0

[Event "FBL 1"]
[Site "Deutschland"]
[Date "2013.03.10"]
[Round "11.3"]
[White "Winkelmann, Elena"]
[Black "Vovk, Oksana"]
[Result "1/2-1/2"]
[WhiteElo "2104"]
[BlackElo "2154"]
[PlyCount "139"]
[EventDate "2012.10.06"]
[WhiteTeam "Rodewischer Schachmiezen"]
[BlackTeam "Schachverein Mülheim-Nord 1931"]

1. d4 Nf6 2. c4 e6 3. Nf3 Bb4+ 4. Bd2 Qe7 5. g3 Nc6 6. Nc3 Bxc3 7. Bxc3 Ne4 8.
Rc1 Nxc3 9. Rxc3 O-O 10. Bg2 d6 11. d5 Nd8 12. O-O e5 13. b4 a5 14. Ra3 b6 15.
bxa5 Nb7 16. Nd2 Rxa5 17. Rxa5 Nxa5 18. Qc2 Bd7 19. Nb3 Nb7 20. Ra1 Ra8 21. Qc3
Ra4 22. e3 Na5 23. Bf1 Bg4 24. e4 Bd7 25. Bd3 Qg5 26. Nxa5 Rxa5 27. Bc2 Bh3 28.
a4 h5 29. f3 Bd7 30. Kf2 h4 31. Qe3 hxg3+ 32. hxg3 Qh5 33. Ke2 Qh2+ 34. Qf2
Qxf2+ 35. Kxf2 g6 36. Ke3 Kg7 37. g4 Kf6 38. Bb3 Kg5 39. Bc2 Rc5 40. Bd3 Ra5
41. Bc2 Ra8 42. Ra2 f5 43. gxf5 gxf5 44. exf5 Bxf5 45. Bxf5 Kxf5 46. Ra1 Ra5
47. Ra2 Rc5 48. Rc2 c6 49. dxc6 d5 50. Kd3 d4 51. Rh2 Rxc6 52. Rh4 Rg6 53. a5
bxa5 54. c5 Rg3 55. Ke2 Ke6 56. c6 Rg7 57. Kd3 Rf7 58. Kc4 Rxf3 59. Rh6+ Kf5
60. Kd5 Rc3 61. Rh5+ Kf4 62. Rxe5 d3 63. Re4+ Kf3 64. Rd4 Ke3 65. Re4+ Kd2 66.
Rc4 Rxc4 67. Kxc4 Kc2 68. c7 d2 69. c8=Q d1=Q 70. Kb5+ 1/2-1/2

[Event "FBL 1"]
[Site "Deutschland"]
[Date "2013.03.10"]
[Round "11.4"]
[White "Vogel, Heike"]
[Black "Steinbacher, Claudia"]
[Result "0-1"]
[WhiteElo "2153"]
[BlackElo "2134"]
[PlyCount "100"]
[EventDate "2012.10.06"]
[WhiteTeam "Schachverein Mülheim-Nord 1931"]
[BlackTeam "Rodewischer Schachmiezen"]

1. d4 c5 2. Nf3 d5 3. Bf4 Nc6 4. e3 Bg4 5. c3 e6 6. h3 Bh5 7. g4 Bg6 8. Nbd2
cxd4 9. exd4 h6 10. Qb3 Qc8 11. Bg2 Nf6 12. O-O Be7 13. Ne5 Nxe5 14. Bxe5 O-O
15. f4 Nd7 16. f5 Nxe5 17. dxe5 exf5 18. Bxd5 fxg4 19. e6 Qc5+ 20. Kh1 Qe3 21.
exf7+ Kh7 22. Nf3 gxf3 23. Rxf3 Qe5 24. Rg1 Be4 25. Bxe4+ Qxe4 26. c4 Rxf7 27.
Qd3 Qxd3 28. Rxd3 Bf6 29. b3 Re8 30. Rgd1 Rfe7 31. a4 Re1+ 32. Rxe1 Rxe1+ 33.
Kg2 Rc1 34. Rd7 Rc2+ 35. Kf1 b6 36. Rxa7 Rc3 37. a5 bxa5 38. Rxa5 Rxb3 39. Kg2
Rc3 40. Rc5 Kg6 41. Rc8 Kf5 42. Rc7 Ke4 43. h4 Kd4 44. h5 Rxc4 45. Rxc4+ Kxc4
46. Kf3 Kd5 47. Kf4 Ke6 48. Ke4 Bb2 49. Kf4 Kf6 50. Kg4 Bc1 0-1

[Event "FBL 1"]
[Site "Deutschland"]
[Date "2013.03.10"]
[Round "11.5"]
[White "Kubikova, Alena"]
[Black "Zhang, Fan"]
[Result "1/2-1/2"]
[WhiteElo "2095"]
[BlackElo "2073"]
[PlyCount "119"]
[EventDate "2012.10.06"]
[WhiteTeam "Rodewischer Schachmiezen"]
[BlackTeam "Schachverein Mülheim-Nord 1931"]

1. e4 e6 2. d4 d5 3. Nd2 c5 4. Ngf3 cxd4 5. Nxd4 Nc6 6. Nxc6 bxc6 7. Bd3 Qb6 8.
Qe2 Nf6 9. exd5 cxd5 10. Nb3 Bd6 11. c3 O-O 12. Bg5 Nd7 13. Be3 Qc7 14. Nd4 a6
15. Bc2 Rb8 16. Nf3 e5 17. Bc1 Re8 18. a3 e4 19. Nd4 Ne5 20. h3 Qc4 21. Qxc4
dxc4 22. O-O Nd3 23. Ba4 Rf8 24. Nc6 Rb6 25. Nb4 a5 26. Nd5 Rb8 27. Ne3 Be6 28.
Bc6 f5 29. Bd5 Bxd5 30. Nxd5 Nxb2 31. Bxb2 Rxb2 32. Ne3 Bc5 33. Nxc4 Rc2 34.
Nxa5 Rxc3 35. Rac1 Rxc1 36. Rxc1 Bxa3 37. Rc6 Rb8 38. Kh2 g6 39. Nc4 Bb4 40.
Ne5 Be1 41. Nd7 Rb7 42. Nf6+ Kg7 43. Ne8+ Kh6 44. Nd6 Rd7 45. Nxf5+ Kg5 46. Ng3
Re7 47. Rc4 Kf4 48. Ne2+ Ke5 49. Nc3 Bxc3 50. Rxc3 Kd4 51. Ra3 Rc7 52. Ra4+ Kd3
53. Kg3 Rc2 54. Ra7 h5 55. h4 Rc6 56. Ra5 Rf6 57. Ra3+ Kd4 58. Ra4+ Kd3 59.
Ra3+ Kd4 60. Ra4+ 1/2-1/2

[Event "FBL 1"]
[Site "Deutschland"]
[Date "2013.03.10"]
[Round "11.6"]
[White "Reiter, Brigitte"]
[Black "Sandner, Heike"]
[Result "0-1"]
[WhiteElo "1842"]
[BlackElo "1986"]
[PlyCount "58"]
[EventDate "2012.10.06"]
[WhiteTeam "Schachverein Mülheim-Nord 1931"]
[BlackTeam "Rodewischer Schachmiezen"]

1. d4 Nf6 2. Nf3 g6 3. Bg5 Bg7 4. Nc3 d6 5. e4 Nbd7 6. Bc4 O-O 7. Qd2 e5 8.
dxe5 dxe5 9. O-O-O Qe8 10. Rhe1 c6 11. h3 Qe7 12. Bh6 b5 13. Bxg7 Kxg7 14. Bf1
Bb7 15. Qd6 Rfe8 16. Bxb5 Qxd6 17. Rxd6 cxb5 18. Nxb5 Rec8 19. Nc3 Rc6 20. Red1
Rxd6 21. Rxd6 Rc8 22. Nd2 Nc5 23. Nf3 Ncxe4 24. Nxe4 Nxe4 25. Rd7 Nc5 26. Rd2
Bxf3 27. gxf3 Rc7 28. c3 Ne6 29. Re2 Nf4 0-1

[Event "FBL 1"]
[Site "Deutschland"]
[Date "2013.03.10"]
[Round "11.1"]
[White "Paehtz, Elisabeth"]
[Black "Wirths, Clara"]
[Result "1-0"]
[WhiteElo "2483"]
[BlackElo "2022"]
[PlyCount "53"]
[EventDate "2012.10.06"]
[WhiteTeam "SC Bad Königshofen 1957"]
[BlackTeam "Schachverein Wattenscheid 1930"]

1. d4 Nf6 2. c4 e6 3. g3 Bb4+ 4. Bd2 Be7 5. Bg2 d5 6. Nf3 O-O 7. O-O Ne4 8. Qc2
c6 9. Be3 Nd7 10. Nbd2 Nxd2 11. Bxd2 Re8 12. e4 Nf6 13. e5 Nd7 14. b3 dxc4 15.
bxc4 b6 16. Be3 Bb7 17. Nd2 Qc7 18. f4 g6 19. Rad1 Rad8 20. Qb3 c5 21. d5 exd5
22. cxd5 Bf8 23. Rfe1 Nb8 24. Ne4 Bg7 25. d6 Qd7 26. Nxc5 bxc5 27. Qxb7 1-0

[Event "FBL 1"]
[Site "Deutschland"]
[Date "2013.03.10"]
[Round "11.2"]
[White "Henrichs, Wenke"]
[Black "Savina, Anastasia"]
[Result "0-1"]
[WhiteElo "2067"]
[BlackElo "2303"]
[PlyCount "40"]
[EventDate "2012.10.06"]
[WhiteTeam "Schachverein Wattenscheid 1930"]
[BlackTeam "SC Bad Königshofen 1957"]

1. d4 Nf6 2. c4 g6 3. Nc3 Bg7 4. e4 d6 5. f3 O-O 6. Be3 a6 7. Nge2 c6 8. a4 a5
9. Qd2 Na6 10. Rd1 Bd7 11. Nc1 e5 12. d5 Rc8 13. b3 cxd5 14. Nxd5 Nxd5 15. Qxd5
Nb4 16. Qd2 f5 17. exf5 Bxf5 18. Nd3 e4 19. Nxb4 axb4 20. f4 Bc3 0-1

[Event "FBL 1"]
[Site "Deutschland"]
[Date "2013.03.10"]
[Round "11.3"]
[White "Schoene, Maria"]
[Black "Goihl, Mona"]
[Result "1-0"]
[WhiteElo "2190"]
[BlackElo "2095"]
[PlyCount "109"]
[EventDate "2012.10.06"]
[WhiteTeam "SC Bad Königshofen 1957"]
[BlackTeam "Schachverein Wattenscheid 1930"]

1. e4 c5 2. Nf3 Nc6 3. d4 cxd4 4. Nxd4 g6 5. Nc3 Bg7 6. Be3 Nf6 7. Bc4 O-O 8.
Bb3 d6 9. f3 Nd7 10. h4 Na5 11. h5 Ne5 12. hxg6 hxg6 13. Qe2 a6 14. g4 e6 15.
Qh2 Re8 16. Qh7+ Kf8 17. Bh6 Bxh6 18. Qxh6+ Ke7 19. O-O-O Nxb3+ 20. cxb3 Kd7
21. g5 Kc7 22. Qh4 Kb8 23. f4 Nc6 24. e5 Nxd4 25. Rxd4 d5 26. Kb1 Bd7 27. Qf2
Qe7 28. Rh7 Rf8 29. Rd3 Bc6 30. Rdh3 Qb4 31. a3 Qe7 32. Ne2 Kc7 33. Nd4 Bd7 34.
R3h6 Rg8 35. Qd2 Rac8 36. Qh2 Qc5 37. Qc2 Qxc2+ 38. Kxc2 Kb6+ 39. Kd2 Rgf8 40.
Rh3 Rc7 41. Rc3 a5 42. Ke3 Rxc3+ 43. bxc3 Kc7 44. Nf3 Kd8 45. Nh4 b6 46. Kd4
Ke8 47. a4 Rg8 48. Ng2 Ke7 49. Ne3 Rb8 50. Ng4 Rb7 51. Nh6 Be8 52. Rh8 Bc6 53.
Rc8 Be8 54. Ng8+ Kd7 55. Ra8 1-0

[Event "FBL 1"]
[Site "Deutschland"]
[Date "2013.03.10"]
[Round "11.4"]
[White "Huppertz, Andrea"]
[Black "Gromova, Julia"]
[Result "0-1"]
[WhiteElo "1864"]
[BlackElo "2226"]
[PlyCount "76"]
[EventDate "2012.10.06"]
[WhiteTeam "Schachverein Wattenscheid 1930"]
[BlackTeam "SC Bad Königshofen 1957"]

1. d4 Nf6 2. Nf3 g6 3. Bf4 Bg7 4. e3 O-O 5. Be2 d6 6. h3 Nfd7 7. O-O e5 8. Bh2
Nc6 9. c4 Qf6 10. dxe5 Ndxe5 11. Nc3 Be6 12. Nxe5 Nxe5 13. Nd5 Qd8 14. Qc2 b5
15. e4 bxc4 16. Bxe5 Bxe5 17. Bxc4 Rb8 18. Rab1 Qg5 19. Qc1 Qxc1 20. Rfxc1 Bxb2
21. Rc2 Be5 22. Rxb8 Rxb8 23. Bb3 c5 24. Kf1 Kg7 25. h4 f5 26. exf5 gxf5 27.
Re2 Rxb3 28. axb3 Bxd5 29. Ra2 Bxb3 30. Rxa7+ Kg6 31. g3 f4 32. g4 Bd1 33. g5
Bc2 34. Ra2 Be4 35. Ra3 c4 36. f3 c3 37. Ke2 c2 38. Kd2 Bb2 0-1

[Event "FBL 1"]
[Site "Deutschland"]
[Date "2013.03.10"]
[Round "11.5"]
[White "Mikliaeva, Darja"]
[Black "Kraus, Tanja"]
[Result "1-0"]
[WhiteElo "2131"]
[BlackElo "1916"]
[PlyCount "95"]
[EventDate "2012.10.06"]
[WhiteTeam "SC Bad Königshofen 1957"]
[BlackTeam "Schachverein Wattenscheid 1930"]

1. e4 Nf6 2. Nc3 d5 3. e5 Nfd7 4. d4 e6 5. f4 c5 6. Nf3 Nc6 7. Be3 Qb6 8. Na4
Qa5+ 9. c3 cxd4 10. b4 Nxb4 11. cxb4 Bxb4+ 12. Bd2 Bxd2+ 13. Nxd2 b5 14. Nb2
Nc5 15. Bd3 Ne4 16. a4 Qc3 17. Rb1 Bd7 18. axb5 Nc5 19. Qe2 Rb8 20. O-O Nxd3
21. Nxd3 Rxb5 22. Rbc1 Qa5 23. Nf3 Qb6 24. Qf2 Rb3 25. Nc5 Rc3 26. Qxd4 Rxc1
27. Rxc1 Bb5 28. f5 O-O 29. f6 Rc8 30. Nb3 Rxc1+ 31. Nxc1 Qc7 32. Qd2 Qc4 33.
h3 Qc5+ 34. Kh2 Bc6 35. Qg5 g6 36. Qh6 Qf8 37. Qxf8+ Kxf8 38. Nd4 Ba4 39. Ncb3
Ke8 40. Kg3 Bxb3 41. Nxb3 Kd7 42. Kf3 Kc6 43. Ke3 h6 44. g4 g5 45. Kd3 a6 46.
Kc3 Kc7 47. Kb4 Kb6 48. Nd4 1-0

[Event "FBL 1"]
[Site "Deutschland"]
[Date "2013.03.10"]
[Round "11.6"]
[White "Buechle, Regina"]
[Black "Hodova, Lucie"]
[Result "1/2-1/2"]
[WhiteElo "1977"]
[BlackElo "2099"]
[PlyCount "27"]
[EventDate "2012.10.06"]
[WhiteTeam "Schachverein Wattenscheid 1930"]
[BlackTeam "SC Bad Königshofen 1957"]

1. d4 Nf6 2. Nf3 c5 3. d5 e6 4. c4 exd5 5. cxd5 d6 6. Nc3 g6 7. Bf4 Bg7 8. Qa4+
Bd7 9. Qb3 Qc7 10. e4 O-O 11. Be2 Na6 12. O-O Rfe8 13. Nd2 h6 14. Rae1 1/2-1/2

[Event "FBL 1"]
[Site "Deutschland"]
[Date "2013.03.10"]
[Round "11.3"]
[White "Genova, Lyubka"]
[Black "Havlikova, Kristyna"]
[Result "1/2-1/2"]
[WhiteElo "2276"]
[BlackElo "2293"]
[PlyCount "37"]
[EventDate "2012.10.06"]
[WhiteTeam "SF 1891 Friedberg"]
[BlackTeam "SK Großlehna"]

1. e4 c5 2. Nf3 Nc6 3. d4 cxd4 4. Nxd4 g6 5. c4 Nf6 6. Nc3 Nxd4 7. Qxd4 d6 8.
Bg5 Bg7 9. Be2 O-O 10. Qd2 a5 11. O-O a4 12. Rab1 Be6 13. f3 Re8 14. Rfc1 Nd7
15. b3 axb3 16. axb3 Qb6+ 17. Be3 Qb4 18. Rc2 Rec8 19. Nb5 1/2-1/2

[Event "FBL 1"]
[Site "Deutschland"]
[Date "2013.03.10"]
[Round "11.4"]
[White "Olsarova, Karolina"]
[Black "Goczo, Melinda"]
[Result "1/2-1/2"]
[WhiteElo "2253"]
[BlackElo "2234"]
[PlyCount "40"]
[EventDate "2012.10.06"]
[WhiteTeam "SK Großlehna"]
[BlackTeam "SF 1891 Friedberg"]

1. e4 e6 2. d4 d5 3. Nd2 c5 4. exd5 Qxd5 5. Ngf3 cxd4 6. Bc4 Qd6 7. O-O Nf6 8.
Nb3 Nc6 9. Nbxd4 Nxd4 10. Nxd4 Bd7 11. c3 Qc7 12. Bb3 Bd6 13. h3 O-O-O 14. Qf3
h6 15. Be3 Kb8 16. a4 a6 17. a5 e5 18. Nc2 Bc6 19. Qe2 Qe7 20. Rfd1 g6 1/2-1/2

[Event "FBL 1"]
[Site "Deutschland"]
[Date "2013.03.10"]
[Round "11.5"]
[White "Padurariu, Ioana Smaranda"]
[Black "Lehmann, Christina"]
[Result "1/2-1/2"]
[WhiteElo "2236"]
[BlackElo "2078"]
[PlyCount "38"]
[EventDate "2012.10.06"]
[WhiteTeam "SF 1891 Friedberg"]
[BlackTeam "SK Großlehna"]

1. e4 c5 2. Nf3 d6 3. d4 cxd4 4. Nxd4 Nf6 5. Nc3 a6 6. Be3 e6 7. Qd2 Qc7 8. f3
b5 9. g4 Nfd7 10. g5 Nb6 11. a3 N8d7 12. Be2 Bb7 13. Nb3 Rc8 14. Na5 Ba8 15.
Bf4 Be7 16. Rd1 e5 17. Be3 O-O 18. O-O Rfd8 19. Qe1 Nc5 1/2-1/2

[Event "FBL 1"]
[Site "Deutschland"]
[Date "2013.03.10"]
[Round "11.6"]
[White "Nagel, Verena"]
[Black "Toth, Lili"]
[Result "1/2-1/2"]
[WhiteElo "2007"]
[BlackElo "2168"]
[PlyCount "68"]
[EventDate "2012.10.06"]
[WhiteTeam "SK Großlehna"]
[BlackTeam "SF 1891 Friedberg"]

1. d4 Nf6 2. Nf3 e6 3. Bf4 b6 4. e3 Bb7 5. Nbd2 c5 6. c3 Be7 7. h3 d6 8. Be2
cxd4 9. exd4 Nbd7 10. Qa4 a6 11. Rd1 O-O 12. O-O b5 13. Qb3 Nb6 14. Rfe1 Bd5
15. Qc2 Rc8 16. Qb1 Qc7 17. Bd3 Qb7 18. Bg5 h6 19. Bxf6 Bxf6 20. Be4 Bxe4 21.
Nxe4 Be7 22. Ng3 d5 23. a3 a5 24. Qd3 Nc4 25. Re2 b4 26. axb4 axb4 27. Rde1 Bd6
28. Ne5 bxc3 29. bxc3 Bxe5 30. dxe5 Na3 31. Nh5 Kh8 32. Re3 Qb5 33. Qd1 Qb2 34.
Qg4 Rg8 1/2-1/2

[Event "FBL 1"]
[Site "Deutschland"]
[Date "2013.03.10"]
[Round "11.1"]
[White "Nebolsina, Vera"]
[Black "Kononenko, Tatiana"]
[Result "1/2-1/2"]
[WhiteElo "2270"]
[BlackElo "2374"]
[PlyCount "46"]
[EventDate "2012.10.06"]
[WhiteTeam "SF Deizisau"]
[BlackTeam "USV Volksbank Halle"]

1. d4 d5 2. c4 c6 3. e3 Nf6 4. Nc3 a6 5. Qc2 e6 6. Nf3 c5 7. cxd5 exd5 8. Be2
Nc6 9. O-O cxd4 10. Nxd4 Qc7 11. Nxc6 Qxc6 12. Bd2 Be7 13. Rac1 Be6 14. f4 O-O
15. Bf3 g6 16. Qd1 Qd6 17. Be1 Rfd8 18. Na4 Ne4 19. a3 Rdc8 20. Bb4 Qd8 21.
Bxe7 Qxe7 22. Qd4 Rxc1 23. Rxc1 Nf6 1/2-1/2

[Event "FBL 1"]
[Site "Deutschland"]
[Date "2013.03.10"]
[Round "11.4"]
[White "Straub, Natalia"]
[Black "Rempel, Jana"]
[Result "1-0"]
[WhiteElo "2210"]
[BlackElo "2078"]
[PlyCount "59"]
[EventDate "2012.10.06"]
[WhiteTeam "USV Volksbank Halle"]
[BlackTeam "SF Deizisau"]

1. d4 g6 2. g3 Bg7 3. Bg2 c5 4. d5 d6 5. c4 Nf6 6. Nc3 O-O 7. Nf3 Bg4 8. Nd2
Na6 9. h3 Bd7 10. O-O Nc7 11. a4 Rb8 12. e4 b6 13. f4 Nfe8 14. Qe2 a6 15. e5 e6
16. Nf3 Qc8 17. Kh2 b5 18. Rd1 exd5 19. cxd5 bxa4 20. Nxa4 Rb4 21. Nc3 Qb8 22.
exd6 Nb5 23. Ne5 Qxd6 24. Ne4 Rxe4 25. Qxe4 Bf5 26. Qe2 Nec7 27. Nc4 Qd8 28. d6
Ne6 29. Rxa6 Ned4 30. Qe7 1-0

[Event "FBL 1"]
[Site "Deutschland"]
[Date "2013.03.10"]
[Round "11.5"]
[White "Zeller, Elisa"]
[Black "Glaser, Andrea"]
[Result "1/2-1/2"]
[WhiteElo "1903"]
[BlackElo "1979"]
[PlyCount "88"]
[EventDate "2012.10.06"]
[WhiteTeam "SF Deizisau"]
[BlackTeam "USV Volksbank Halle"]

1. e4 c5 2. Nf3 e6 3. d4 cxd4 4. Nxd4 a6 5. Nc3 Qc7 6. Be2 Nf6 7. Bf3 Nc6 8.
Nxc6 dxc6 9. O-O Be7 10. Be3 e5 11. a4 a5 12. Qe2 Be6 13. Rfd1 O-O 14. Bg5 Qb6
15. b3 Rfd8 16. Rxd8+ Rxd8 17. Rd1 h6 18. Bxf6 Bxf6 19. Rxd8+ Qxd8 20. Qd1 Qd4
21. Qxd4 exd4 22. Nb1 d3 23. Bd1 dxc2 24. Bxc2 b5 25. axb5 cxb5 26. Na3 Bd7 27.
Bd3 b4 28. Nc4 a4 29. bxa4 Bxa4 30. Nb6 Bd1 31. Nd5 Bc3 32. Kf1 Bd2 33. Ne3 Ba4
34. Ke2 Bc1 35. Nd5 b3 36. Nc3 Bc6 37. Kd1 Bf4 38. g3 Be5 39. Kd2 Bd4 40. f3
Kf8 41. Bc4 b2 42. Bd3 Bg1 43. h3 Bh2 44. g4 Bf4+ 1/2-1/2

[Event "FBL 1"]
[Site "Deutschland"]
[Date "2013.03.10"]
[Round "11.6"]
[White "Wilhelm, Ursula"]
[Black "Schuette, Anna"]
[Result "1/2-1/2"]
[WhiteElo "1572"]
[BlackElo "1494"]
[PlyCount "21"]
[EventDate "2012.10.06"]
[WhiteTeam "USV Volksbank Halle"]
[BlackTeam "SF Deizisau"]

1. e4 e5 2. Nf3 Nc6 3. Nc3 Bc5 4. Bc4 d6 5. d3 Nge7 6. h3 O-O 7. O-O Be6 8. Bb3
Qd7 9. Ng5 Bxb3 10. axb3 Ng6 11. Na4 1/2-1/2